| 000 | 01218cam a22001935a 4500 | ||
|---|---|---|---|
| 001 | L137664 | ||
| 008 | 110623s2007 xxk f 000 0 eng d | ||
| 035 | _a(Sirsi) u137664 | ||
| 041 | 0 | _aeng | |
| 110 | 2 |
_aBritish Chambers of Commerce _93684 |
|
| 245 | 0 | 0 |
_aWork and life _bhow business is striking the right balance _h[electronic resource] |
| 260 | _c2007 | ||
| 520 | _aDiscusses extent to which flexible working is provided by employers in the UK. Reports that 89 per cent of the businesses surveyed provide their employees with some form of flexible working, 72 per cent offer part time working; 69 per cent offer variable working hours and 38 per cent offer working from home. Reports that 71 per cent of employers believe that there has been either some or a significant improvement in employee relations as a result of offering flexible working, and 58 per cent of employers reported some or a significant improvement in productivity. | ||
| 590 | _aKA | ||
| 651 | 4 |
_aEngland and Wales _y1543- |
|
| 690 | _aMANAGEMENT-BUSINESS MANAGEMENT | ||
| 856 | 4 | 0 |
_uhttps://www.britishchambers.org.uk/6798219246588916143/work_and_life_report.pdf _zView the item free of charge at www.britishchambers.org.uk |
| 942 | _n0 | ||
| 999 |
_c106868 _d106868 |
||